Представление документа в формате MARC21

Поле Инд. ПП Название Значение
Тип записи a
Библиографический уровень m
001 Контрольный номер 73f56d91e5f9440e9cea72acc23bdc22
005 Дата корректировки 20200428180507.3
008 Кодируемые данные 150526|||||||||ru |||||||||||||||||rus||
020 a ISBN 978-5-9916-4394-8
020 a ISBN 978-5-9916-5578-1 (Т. 1)
041 0_ a Код языка текста rus
084 a Индекс другой классификации/Индекс ББК 67.75я7
090 a Полочн. индекс 67.75
x Авторский знак П 69
245 10 a Заглавие Практика адвокатской деятельности. В 2 т. Т. 1
b Продолж. заглавия практическое пособие
c Ответственность под ред. И. Л. Трунова
250 a Основные сведения об издании 3-е изд., перераб. и доп.
260 a Место издания Москва
b Издательство Юрайт
c Дата издания 2015
300 a Объем 364 с.
440 _0 a Серия Профессиональная практика
583 x Служебное примечание Кн. доступна в электрон. библ. системе biblio-online.ru
650 04 a Основная рубрика Адвокатура-Учебные издания для высших учебных заведений
653 0_ a Ключевые слова Адвокатская деятельность; Адвокатура; Арбитражный процесс; Гражданский процесс; Законодательные акты; Зарубежный опыт; Международное право; Защита судебная; Уголовный процесс; Федеральное законодательство
a Ключевые слова Административное правонарушение
a Ключевые слова Гражданское судопроизводство
700 12 a Другие авторы Трунов И. Л.
e Роль лиц Редактор
901 t Тип документа m